|
|
|
|
| LEADER |
00000ny a22000003n 4500 |
| 005 |
2011062302022.0 |
| 008 |
090406s2009 sp 0 0 spa d |
| 017 |
|
|
|a D.L.M 2964-2009
|
| 020 |
|
|
|a 9788498492538
|
| 035 |
|
|
|a 5005
|
| 040 |
|
|
|a BUS
|d vLex
|
| 080 |
|
|
|a 347.69
|
| 090 |
|
|
|c 1064
|d 1064
|
| 100 |
1 |
|
|a Berrocal Lanzarot, Ana Isabel
|
| 245 |
1 |
0 |
|a Autonoma̕, libertad y testamentos vitales
|h [Recurso electrn̤ico]
|b (rǧimen jurd̕ico y publicidad) /
|c Ana Isabel Berrocal Lanzarot, Jos ̌Carlos Abellǹ Salort
|
| 256 |
|
|
|a Servicio en ln̕ea
|
| 260 |
|
|
|a Madrid :
|b Dykinson,
|c 2009
|
| 300 |
|
|
|a 324 p. ;
|c 24 cm
|
| 506 |
1 |
|
|a Contenido solo disponible en los productos indicados
|d vLex Global
|d vLex Global (Academic Edition, excluding Law Schools)
|d vLex Global (U.S. Academic Edition, Law Schools)
|d vLex Global (U.S. Academic Edition, excluding Law Schools)
|d vLex Global (Academic Edition, Law Schools)
|
| 650 |
0 |
7 |
|a Derecho sucesorio
|2 Tesauro vLex
|
| 650 |
0 |
7 |
|a Testamento
|2 Tesauro vLex
|
| 650 |
0 |
7 |
|a Sucesorio
|2 Tesauro vLex
|
| 700 |
1 |
|
|a Abellǹ Salort, Jos ̌Carlos,
|e coaut.
|
| 740 |
0 |
|
|a vLex Libros (Servicios en ln̕ea)
|
| 856 |
4 |
0 |
|u http://vlex.com/source/5005
|z Acceso restringido
|
| 942 |
|
|
|c BOOK
|